[Event "Tournoi Skype 029A"]
[Site "Skype"]
[Date "????.??.??"]
[Round "6.21"]
[White "Castillo, Jesus"]
[Black "Navghane, Rahul"]
[Result "0-1"]
[WhiteElo "1557"]
[BlackElo "1026"]
[PlyCount "124"]

1. e4 b6 2. d4 Bb7 3. Bd3 Nf6 4. f3 e6 5. Ne2 Be7 6. Be3 O-O 7. Nbc3 c5 8. Bc4
cxd4 9. Nxd4 d5 10. exd5 Nxd5 11. Nxd5 Bxd5 12. Qd3 Bxc4 13. Qxc4 Nd7 14. Nc6
Rc8 15. Nxe7+ Qxe7 16. Qe2 Ne5 17. h4 Nc4 18. Bd4 e5 19. Bc3 a5 20. g4 b5 21.
b3 Na3 22. Qxe5 Qxe5+ 23. Bxe5 Nxc2+ 24. Kf2 Nxa1 25. Rxa1 Rc2+ 26. Kg3 f6 27.
Bf4 h6 28. a4 b4 29. Rd1 Re8 30. g5 hxg5 31. hxg5 fxg5 32. Bxg5 Ree2 33. Rd5
Rg2+ 34. Kf4 Rc3 35. Rxa5 Rxb3 36. Rb5 Rf2 37. a5 Rfxf3+ 38. Ke4 Rh3 39. a6 Ra3
40. Rb6 b3 41. Bc1 Ra4+ 42. Kd5 Rh5+ 43. Kc6 Rc4+ 44. Kb7 Rxc1 45. Rxb3 Rh7 46.
a7 g6+ 47. Kb8 Rxa7 48. Kxa7 Kg7 49. Kb6 Kh6 50. Kb5 g5 51. Kb4 Kh5 52. Rd3 g4
53. Kb3 Kh4 54. Rd8 g3 55. Rh8+ Kg4 56. Rg8+ Kf3 57. Rf8+ Kg2 58. Kb2 Rc7 59.
Kb1 Kg1 60. Kb2 g2 61. Kb1 Rh7 62. Kc1 Kh1 0-1

[Event "Tournoi Skype 029A"]
[Site "Skype"]
[Date "????.??.??"]
[Round "6.23"]
[White "Mishra, Sourabh"]
[Black "Gharbi, Said"]
[Result "1-0"]
[WhiteElo "1564"]
[BlackElo "1335"]
[PlyCount "53"]

1. d4 e5 2. dxe5 Nc6 3. Nf3 Qe7 4. Bg5 Qb4+ 5. Nbd2 Qxb2 6. e3 h6 7. Bf4 Bb4 8.
Bc4 Bxd2+ 9. Nxd2 Nxe5 10. Bb3 Nf6 11. O-O O-O 12. Rb1 Qc3 13. Re1 d6 14. h3 b6
15. Bxe5 dxe5 16. Nc4 Bb7 17. Qd3 Qxd3 18. cxd3 e4 19. d4 Nd5 20. Rec1 Nb4 21.
Ne5 Rac8 22. Ng6 Rfd8 23. Ne7+ Kf8 24. Nxc8 Bxc8 25. Rxc7 Nd5 26. Bxd5 Rxd5 27.
Rxc8+ 1-0

[Event "Tournoi Skype 029A"]
[Site "Skype"]
[Date "????.??.??"]
[Round "6.24"]
[White "Alarcon Alarcon, Florentina"]
[Black "Casey, Eamonn"]
[Result "1-0"]
[WhiteElo "1362"]
[BlackElo "1538"]
[PlyCount "85"]

1. e4 e6 2. d4 d5 3. e5 c5 4. c3 Nc6 5. Nf3 cxd4 6. cxd4 Bb4+ 7. Nc3 Nge7 8.
Bd3 Bd7 9. O-O Ng6 10. Ne2 Be7 11. a3 Rc8 12. Ng3 h5 13. Bxg6 fxg6 14. Qd3 g5
15. Qg6+ Kf8 16. Nxh5 Rg8 17. Bxg5 Qe8 18. Bxe7+ Nxe7 19. Qxe8+ Kxe8 20. Rac1
Kf7 21. Rc3 Nc6 22. Ng3 Na5 23. Nh4 Nc4 24. Rf3+ Ke8 25. Rc1 Nxb2 26. Rxc8+
Bxc8 27. Rc3 Nc4 28. Nf3 b6 29. h4 g6 30. Ne2 Ba6 31. Nf4 Ke7 32. Ng5 Bc8 33.
g3 b5 34. Nd3 Bd7 35. Nc5 Rb8 36. Rf3 Rd8 37. Nxd7 Rxd7 38. Rf6 Nxa3 39. Rxe6+
Kd8 40. Rxg6 b4 41. Ne6+ Ke8 42. Nc5 Kf7 43. e6+ 1-0

[Event "Tournoi Skype 029A"]
[Site "Skype"]
[Date "????.??.??"]
[Round "6.25"]
[White "Hague, Mark"]
[Black "Gokcek, Cagri"]
[Result "0-1"]
[WhiteElo "1525"]
[BlackElo "1363"]
[PlyCount "100"]

1. d4 f5 2. Bg5 h6 3. Bh4 d6 4. d5 Nd7 5. e3 Ngf6 6. c4 g5 7. Bg3 Bg7 8. f4 Nc5
9. Qc2 Nce4 10. Bd3 e6 11. Nc3 Nxc3 12. Qxc3 Qe7 13. Qb4 exd5 14. cxd5 Nxd5 15.
Qa4+ Bd7 16. Qc2 Nxe3 17. Qe2 Nc2+ 18. Bxc2 Qxe2+ 19. Nxe2 O-O-O 20. O-O-O Rde8
21. Rde1 Rhf8 22. Rhf1 Bb5 23. Rf2 Kb8 24. Kd1 Bxb2 25. fxg5 hxg5 26. Rxf5 Rxf5
27. Bxf5 Bc4 28. Bb1 Bf6 29. Nc1 Rd8 30. Bf2 b5 31. h3 c5 32. g4 a5 33. h4 gxh4
34. Rh1 Rh8 35. Bf5 b4 36. Kc2 a4 37. Rh3 Kc7 38. Be1 Bf7 39. Kb1 d5 40. Ne2
Kc6 41. Ng1 d4 42. Nf3 Kb5 43. Nxh4 c4 44. Rh2 b3 45. a3 c3 46. Nf3 Rxh2 47.
Nxh2 Bc4 48. Bd7+ Ka5 49. Bg3 c2+ 50. Kc1 Bg5+ 0-1

[Event "Tournoi Skype 029A"]
[Site "Skype"]
[Date "????.??.??"]
[Round "6.26"]
[White "Pouteau, Pascal"]
[Black "Hurtado De Mendoza, Ramon Miguel"]
[Result "0-1"]
[WhiteElo "1345"]
[BlackElo "1487"]
[PlyCount "28"]

1. Nf3 Nf6 2. d4 d5 3. c4 e6 4. Nc3 c5 5. Bd2 Nc6 6. Qc2 cxd4 7. Nb5 Qb6 8. Bf4
Bb4+ 9. Kd1 O-O 10. Nc7 Rb8 11. a3 e5 12. axb4 Nxb4 13. Qa4 exf4 14. b3 Nc6 0-1

[Event "Tournoi Skype 029A"]
[Site "Skype"]
[Date "????.??.??"]
[Round "6.27"]
[White "Vasquez Cienfuegos, Oscar"]
[Black "Yardimci, Ertan"]
[Result "1-0"]
[WhiteElo "1470"]
[BlackElo "1208"]
[PlyCount "131"]

1. Nf3 Nf6 2. c4 g6 3. Nc3 Bg7 4. d4 O-O 5. e4 d6 6. Be2 Nbd7 7. O-O e5 8. h3
exd4 9. Nxd4 Nc5 10. Bf3 Qe7 11. Re1 Ncd7 12. Bg5 Ne5 13. Nd5 Qd8 14. Rc1 c6
15. Nxf6+ Bxf6 16. Bxf6 Qxf6 17. Be2 Qg5 18. Kh1 Qh4 19. Nf3 Nxf3 20. Bxf3 Qd8
21. Re2 Be6 22. b3 Qd7 23. Qd3 Rad8 24. Rd2 Qe7 25. Qe3 Rfe8 26. Qxa7 Rd7 27.
Qe3 f5 28. Rcd1 Qd8 29. Qf4 d5 30. exd5 cxd5 31. Bxd5 Bxd5 32. Rxd5 Rxd5 33.
cxd5 Re4 34. Qd2 Qe8 35. d6 Qd7 36. Kg1 Re6 37. Qd5 Kf7 38. Kf1 Ke8 39. b4 Kd8
40. b5 Qe8 41. Qd3 Qd7 42. a4 Re4 43. a5 Re5 44. a6 bxa6 45. bxa6 Qb5 46. Qxb5
Rxb5 47. Ra1 Rb8 48. a7 Ra8 49. f4 Kd7 50. Ra6 h6 51. Kf2 g5 52. Kf3 Kc8 53. g4
fxg4+ 54. hxg4 Kb7 55. Ra1 Kc6 56. f5 Kxd6 57. Ke4 Re8+ 58. Kd4 Ra8 59. f6 Ke6
60. Ra6+ Kf7 61. Kc5 Ke8 62. Kb6 Kd7 63. Kb7 Rc8 64. a8=Q Rc7+ 65. Kb6 Rc6+ 66.
Qxc6+ 1-0

[Event "Tournoi Skype 029A"]
[Site "Skype"]
[Date "????.??.??"]
[Round "6.28"]
[White "Quispe, Alberto"]
[Black "Galani, Mahendra"]
[Result "1-0"]
[WhiteElo "1230"]
[BlackElo "1466"]
[PlyCount "71"]

1. d4 d5 2. c4 e6 3. cxd5 Qxd5 4. Nc3 Qa5 5. Bd2 c6 6. e4 Be7 7. a3 Nf6 8. Nf3
Nd5 9. exd5 exd5 10. Bd3 O-O 11. O-O Bg4 12. h3 Bh5 13. Re1 Bf6 14. Be2 Bg6 15.
Ne4 Qd8 16. Nxf6+ Qxf6 17. Bg5 Qf5 18. Qd2 f6 19. Nh4 Qd7 20. Be3 Bf7 21. Bg4
Qc7 22. Bf4 Qb6 23. Nf5 Na6 24. Re7 Rae8 25. Rae1 Rxe7 26. Rxe7 Qd8 27. Qe2 Re8
28. Rxe8+ Bxe8 29. Nd6 Bg6 30. Qe6+ Kf8 31. Nxb7 Bf7 32. Bd6+ Kg8 33. Qxf7+
Kxf7 34. Nxd8+ Ke8 35. Nxc6 g6 36. Bc8 1-0

[Event "Tournoi Skype 029A"]
[Site "Skype"]
[Date "????.??.??"]
[Round "6.29"]
[White "Ortiz, Vladimir"]
[Black "Pasasin, Alejandro"]
[Result "1-0"]
[WhiteElo "1443"]
[BlackElo "1347"]
[PlyCount "87"]

1. e4 e5 2. Nf3 Nc6 3. Bb5 a6 4. Bxc6 dxc6 5. d3 Bd6 6. Nbd2 b5 7. O-O Nf6 8.
h3 O-O 9. a4 Bd7 10. b3 Re8 11. Bb2 h6 12. Ra2 Be6 13. Qa1 Qe7 14. Bxe5 Bxe5
15. Qxe5 Bc8 16. Qxe7 Rxe7 17. Nd4 Bd7 18. Rfa1 c5 19. N4f3 Bc8 20. axb5 Re8
21. bxa6 c6 22. Nc4 Nd7 23. Nd6 Rf8 24. a7 f6 25. Nxc8 Rfxc8 26. Nd2 Ne5 27. f4
Nf7 28. Nc4 Rc7 29. Nb6 Raxa7 30. Rxa7 Rxa7 31. Rxa7 Nd6 32. Nc4 Nb5 33. Rd7
Nd4 34. Rxd4 cxd4 35. Na5 c5 36. Nb7 g5 37. fxg5 hxg5 38. Nxc5 Kf7 39. Kf2 Ke7
40. b4 Kd6 41. Nb3 Ke5 42. b5 f5 43. exf5 Kxf5 44. b6 1-0

[Event "Tournoi Skype 029A"]
[Site "Skype"]
[Date "????.??.??"]
[Round "6.30"]
[White "Frances, Carlos Alberto"]
[Black "Vaswani, Manohar"]
[Result "1/2-1/2"]
[WhiteElo "1324"]
[BlackElo "1196"]
[PlyCount "47"]

1. d4 d5 2. c4 Nf6 3. e3 e6 4. Nf3 Bd6 5. Bd3 dxc4 6. Bxc4 O-O 7. O-O c6 8. Bb3
Qc7 9. Nc3 e5 10. dxe5 Bxe5 11. Nxe5 Qxe5 12. h3 Nbd7 13. f4 Qh5 14. Qxh5 Nxh5
15. e4 Nc5 16. Bc2 Be6 17. Be3 Nd7 18. b3 f5 19. exf5 Bxf5 20. Bxf5 Rxf5 21.
Rad1 Rf7 22. Kh2 b6 23. Bc1 Nc5 24. Rd6 1/2-1/2

[Event "Tournoi Skype 029A"]
[Site "Skype"]
[Date "????.??.??"]
[Round "6.31"]
[White "Couto, Januario"]
[Black "Le Brun, Yves"]
[Result "1-0"]
[WhiteElo "1387"]
[BlackElo "1335"]
[PlyCount "139"]

1. e4 d5 2. Nc3 dxe4 3. Nxe4 Bf5 4. Ng3 Bg6 5. h4 h6 6. Nf3 Nd7 7. Bc4 Ngf6 8.
c3 e6 9. Qb3 Nb6 10. Be2 Bd3 11. Ne5 Bxe2 12. Nxe2 a6 13. d4 Bd6 14. Bf4 Nfd5
15. Bg3 O-O 16. Rd1 Qe7 17. O-O Rab8 18. Rfe1 Nd7 19. Nd3 Bxg3 20. fxg3 Ne3 21.
Rd2 Qf6 22. Nef4 Nf5 23. Ne2 h5 24. Rf1 g5 25. hxg5 Qxg5 26. Ndf4 Nxg3 27. Nxg3
Qxg3 28. Qd1 Qg4 29. Nxh5 Qxd1 30. Rdxd1 f5 31. Rde1 Rbe8 32. Nf4 Rf6 33. Nd3
b6 34. Nb4 a5 35. Na6 c6 36. Nc7 Re7 37. Rf3 Nf8 38. Na6 Kf7 39. Re5 Ng6 40.
Re2 e5 41. Nb8 exd4 42. Rxe7+ Nxe7 43. cxd4 Ke6 44. Re3+ Kd6 45. Na6 Re6 46.
Rxe6+ Kxe6 47. Kf2 Nd5 48. Nb8 Kd6 49. Na6 Nf6 50. Ke3 Kd5 51. a3 Kc4 52. b4
axb4 53. Nxb4 c5 54. dxc5 bxc5 55. Na6 Nd5+ 56. Kd2 f4 57. a4 Ne3 58. g4 Nxg4
59. Ke2 Ne5 60. Kf2 Kd4 61. Nc7 c4 62. Nb5+ Kd3 63. a5 Ke4 64. a6 Nd7 65. a7
Nb6 66. Nc3+ Ke5 67. Kf3 Kd6 68. Kxf4 Kc6 69. Ke4 Kb7 70. Nb5 1-0

[Event "Tournoi Skype 029A"]
[Site "Skype"]
[Date "????.??.??"]
[Round "6.32"]
[White "Mitrani, Alberto"]
[Black "Sauvaget, Joel"]
[Result "1/2-1/2"]
[WhiteElo "1482"]
[BlackElo "1290"]
[PlyCount "34"]

1. Nf3 d5 2. c4 e6 3. g3 c6 4. Bg2 Nf6 5. Nc3 Be7 6. O-O O-O 7. d3 Nbd7 8. a3
Nb6 9. cxd5 exd5 10. b4 Bg4 11. Bd2 Qd7 12. Ne5 Qc8 13. Nxg4 Qxg4 14. Rc1 Nbd7
15. h3 Qg6 16. Qb3 a6 17. Be3 Rae8 1/2-1/2

[Event "Tournoi Skype 029A"]
[Site "Skype"]
[Date "????.??.??"]
[Round "6.33"]
[White "L'Herbon De Lussats, Jean"]
[Black "Aceituno, Stebe"]
[Result "1-0"]
[WhiteElo "1259"]
[BlackElo "1400"]
[PlyCount "81"]

1. d4 Nf6 2. c4 g6 3. Nc3 Bg7 4. Nf3 d6 5. e4 O-O 6. d5 Na6 7. Be3 Nc5 8. Qc2
Bd7 9. Be2 a6 10. O-O e5 11. a3 Bg4 12. b4 Ncd7 13. h3 Bxf3 14. Bxf3 Re8 15.
Qd2 Nb6 16. c5 Nc4 17. Qe2 Nxe3 18. Qxe3 dxc5 19. Qxc5 Nd7 20. Qe3 Nb6 21. Be2
Qf6 22. Rad1 Qf4 23. Qd2 Qxd2 24. Rxd2 Rad8 25. Rfd1 Rd6 26. b5 Bh6 27. Rb2 a5
28. a4 Nd7 29. Rc2 Bf8 30. Nb1 Rc8 31. Na3 Rf6 32. Nc4 Bc5 33. Bf3 Bd4 34. Nxa5
Nc5 35. Rc4 b6 36. Nc6 Re8 37. Nxd4 exd4 38. Rdxd4 Rf4 39. Kf1 Ra8 40. Ke2 Nxa4
41. Rxa4 1-0

[Event "Tournoi Skype 029A"]
[Site "Skype"]
[Date "????.??.??"]
[Round "6.34"]
[White "Grib, Johannes"]
[Black "Ramirez Reina, Orlando"]
[Result "1-0"]
[WhiteElo "1259"]
[BlackElo "1385"]
[PlyCount "53"]

1. c4 Nf6 2. a3 g6 3. e3 Bg7 4. Nc3 O-O 5. d4 d6 6. h3 Nbd7 7. Nge2 e5 8. g4
Re8 9. d5 h6 10. e4 c6 11. Ng3 Qc7 12. g5 hxg5 13. Bxg5 Nc5 14. Rc1 a6 15. b4
Ncd7 16. Qd2 Nf8 17. h4 Bg4 18. Be2 Qd7 19. Bxf6 Bxf6 20. h5 Bxe2 21. Qxe2 g5
22. Nf5 Rac8 23. Qf3 Kh7 24. Rg1 Qd8 25. Rg4 Nd7 26. Nxd6 Kh6 27. Nxf7+ 1-0

[Event "Tournoi Skype 029A"]
[Site "Skype"]
[Date "????.??.??"]
[Round "6.35"]
[White "Vilas Boas, Crisolon Terto"]
[Black "Davis, Michael"]
[Result "1-0"]
[WhiteElo "1488"]
[BlackElo "1405"]
[PlyCount "69"]

1. e4 c5 2. Nf3 Nc6 3. Be2 d6 4. O-O Nf6 5. d3 g6 6. c3 Bg7 7. Na3 a6 8. h3 O-O
9. Nc4 b5 10. Ne3 Bd7 11. a4 b4 12. c4 Qb6 13. Rb1 b3 14. Re1 Nd4 15. Ra1 Nh5
16. Nxd4 cxd4 17. Nd5 Qd8 18. Bxh5 gxh5 19. Qxh5 Kh8 20. a5 Rb8 21. Nb6 Be6 22.
Ra3 Bf6 23. f4 Rg8 24. f5 Bd7 25. Rxb3 Ba4 26. Ra3 Bc2 27. Qxf7 Rg7 28. Qh5 Qg8
29. Qe2 Bh4 30. Rf1 Bb1 31. Bf4 Bg3 32. Bxg3 Rxg3 33. Rxb1 Re3 34. Qf2 Rxh3 35.
Qxd4+ 1-0

[Event "Tournoi Skype 029A"]
[Site "Skype"]
[Date "????.??.??"]
[Round "6.37"]
[White "Bendre, Pankaj"]
[Black "Carballo, Jorge"]
[Result "0-1"]
[WhiteElo "1182"]
[BlackElo "1367"]
[PlyCount "128"]

1. d4 d5 2. Nf3 Nf6 3. Bf4 e6 4. e3 Be7 5. c3 O-O 6. Nbd2 Nh5 7. Bd3 Nxf4 8.
exf4 Nd7 9. O-O Nf6 10. Ne5 Bd6 11. Qf3 Nd7 12. Qh3 g6 13. Ndf3 Nxe5 14. Ng5 h5
15. dxe5 Be7 16. Nf3 b6 17. Rfe1 c5 18. a4 c4 19. Bc2 Bc5 20. Rad1 a6 21. Qg3
Be7 22. Nd4 Bh4 23. Qh3 f5 24. Nf3 Be7 25. Qg3 Kh7 26. Ng5+ Bxg5 27. fxg5 f4
28. Qh4 b5 29. Rd4 Bd7 30. Rxf4 Rxf4 31. Qxf4 Qf8 32. Qxf8 Rxf8 33. a5 Rb8 34.
b4 cxb3 35. Bxb3 Rc8 36. Re3 b4 37. Rf3 Kg7 38. h3 bxc3 39. Bc2 d4 40. Rf6 Be8
41. Rxe6 Bf7 42. Rd6 Re8 43. f4 Rb8 44. Rb6 Rd8 45. Rd6 Rxd6 46. exd6 Kf8 47.
Kf2 Bc4 48. Bxg6 d3 49. Ke1 Bb5 50. Bxh5 Bc6 51. g3 Bg2 52. h4 Bf1 53. f5 Bh3
54. f6 Be6 55. Bg6 d2+ 56. Kd1 Bb3+ 57. Ke2 d1=Q+ 58. Kf2 Qd2+ 59. Kf3 Bd1+ 60.
Ke4 Bc2+ 61. Kf3 Bxg6 62. Kg4 c2 63. h5 Qe2+ 64. Kf4 Qe4# 0-1

[Event "Tournoi Skype 029A"]
[Site "Skype"]
[Date "????.??.??"]
[Round "7.1"]
[White "Rico Hernandez, Edgar"]
[Black "Blasco, Raul"]
[Result "0-1"]
[WhiteElo "1772"]
[BlackElo "1978"]
[PlyCount "44"]

1. d4 Nf6 2. c4 c5 3. d5 b5 4. cxb5 a6 5. f3 g6 6. e4 d6 7. Nc3 Bg7 8. Bg5 O-O
9. Qd2 Qa5 10. a4 Qb4 11. Ra3 axb5 12. Bxb5 Ba6 13. Qe2 e6 14. dxe6 fxe6 15.
Qd2 Bxb5 16. Nxb5 Rxa4 17. Rxa4 Qxa4 18. Nxd6 Nc6 19. Be3 Rd8 20. Bxc5 Ne8 21.
Qf4 Qa1+ 22. Kf2 Nxd6 0-1

[Event "Tournoi Skype 029A"]
[Site "Skype"]
[Date "????.??.??"]
[Round "7.2"]
[White "Deville, Olivier"]
[Black "Gungor, Gokhan"]
[Result "1/2-1/2"]
[WhiteElo "1807"]
[BlackElo "1579"]
[PlyCount "55"]

1. d4 Nf6 2. c4 e5 3. dxe5 Ng4 4. Bf4 Nc6 5. Nf3 Bb4+ 6. Nbd2 Qe7 7. e3 Ngxe5
8. Nxe5 Nxe5 9. Be2 O-O 10. O-O d6 11. Rc1 Bc5 12. Ne4 Ng6 13. Nxc5 Nxf4 14.
exf4 dxc5 15. Bf3 Rd8 16. Qc2 c6 17. Rfd1 Bd7 18. Rd2 Qf6 19. Rcd1 Be8 20. Qe4
Rxd2 21. Rxd2 Rd8 22. Rxd8 Qxd8 23. Qe5 b6 24. g4 Kf8 25. Kg2 Qd4 26. b3 b5 27.
Qb8 Qd7 28. Qe5 1/2-1/2

[Event "Tournoi Skype 029A"]
[Site "Skype"]
[Date "????.??.??"]
[Round "7.3"]
[White "Rapaire, Jean-Michel"]
[Black "Calderon, Francisco"]
[Result "1-0"]
[WhiteElo "1739"]
[BlackElo "1604"]
[PlyCount "153"]

1. e4 e5 2. Nf3 Nf6 3. Nxe5 Qe7 4. Nf3 Nxe4 5. Qe2 Nf6 6. Qxe7+ Bxe7 7. Bc4 d5
8. Bb3 O-O 9. d3 Bg4 10. Nbd2 Bb4 11. O-O Nbd7 12. c3 Bd6 13. d4 Rae8 14. Re1
c6 15. Kf1 h6 16. Bc2 Bh5 17. h3 Rxe1+ 18. Nxe1 Re8 19. Ndf3 Ne4 20. g4 Bg6 21.
Be3 f5 22. Nh4 Bh7 23. Nxf5 Bxf5 24. gxf5 Rf8 25. Ke2 Rxf5 26. Nf3 Rh5 27. Rh1
g5 28. Ne1 g4 29. Bxe4 dxe4 30. Rg1 g3 31. fxg3 Rxh3 32. Bf4 Bxf4 33. gxf4+ Kf7
34. Ng2 h5 35. Ne3 Rh2+ 36. Rg2 Rxg2+ 37. Nxg2 Nf6 38. Ke3 Ke6 39. Nh4 Kd5 40.
f5 a5 41. Kf4 Kd6 42. Kg5 Ke7 43. Ng2 b6 44. c4 b5 45. b3 b4 46. Ne3 Kf7 47. c5
Kg7 48. d5 Nxd5 49. Nxd5 h4 50. f6+ Kf7 51. Kxh4 cxd5 52. c6 e3 53. c7 e2 54.
c8=Q e1=Q+ 55. Kg4 Qg1+ 56. Kf5 Qg6+ 57. Ke5 Qe4+ 58. Kd6 Kxf6 59. Qh8+ Kf5 60.
Qh5+ Kf6 61. Qxd5 Qe7+ 62. Kc6 Qe8+ 63. Kb6 Qe3+ 64. Kxa5 Qa7+ 65. Kxb4 Qxa2
66. Kb5 Qe2+ 67. Kb6 Qe3+ 68. Ka6 Qe2+ 69. Qb5 Qa2+ 70. Kb7 Qa3 71. Qa6+ Qxa6+
72. Kxa6 Ke7 73. b4 Kd7 74. b5 Kc7 75. Ka7 Kc8 76. b6 Kd7 77. b7 1-0

[Event "Tournoi Skype 029A"]
[Site "Skype"]
[Date "????.??.??"]
[Round "7.4"]
[White "Barrios Chamorro, Jesus Adrian"]
[Black "Grosso, Raul"]
[Result "0-1"]
[WhiteElo "1589"]
[BlackElo "1746"]
[PlyCount "42"]

1. e4 c5 2. Nc3 g6 3. g3 Bg7 4. Bg2 Nc6 5. d3 d6 6. Be3 b6 7. e5 Bb7 8. exd6
exd6 9. Nge2 Nge7 10. d4 O-O 11. dxc5 dxc5 12. O-O Qc8 13. Qc1 Nf5 14. Bf4 Ncd4
15. Nxd4 Nxd4 16. Bh6 Bxg2 17. Kxg2 Qc6+ 18. f3 Rfe8 19. Bxg7 Kxg7 20. Qf4 Nxc2
21. Rac1 Ne3+ 0-1

[Event "Tournoi Skype 029A"]
[Site "Skype"]
[Date "????.??.??"]
[Round "7.5"]
[White "Sanchez Ruiz, Piedad Esmeralda"]
[Black "Elias, Roberto"]
[Result "1/2-1/2"]
[WhiteElo "1706"]
[BlackElo "1782"]
[PlyCount "74"]

1. e4 d5 2. exd5 Nf6 3. d4 Qxd5 4. Nc3 Qd6 5. Be2 Bf5 6. Nf3 Nc6 7. a3 a6 8.
O-O e5 9. dxe5 Qxd1 10. Bxd1 Nd7 11. Re1 O-O-O 12. Bf4 h6 13. h3 g5 14. Bh2 Bg7
15. Na2 Rhe8 16. c3 Ndxe5 17. Nxe5 Nxe5 18. Bxe5 Rxe5 19. Rxe5 Bxe5 20. Bh5 f6
21. Rd1 Bf4 22. c4 Rxd1+ 23. Bxd1 Bb1 24. Nc3 Bd3 25. b3 Be5 26. Ne2 Kd7 27. f3
Bb2 28. a4 Kd6 29. Kf2 Kc5 30. Ke3 Bb1 31. f4 Kb4 32. fxg5 hxg5 33. Nd4 c5 34.
Ne6 Bc1+ 35. Kf3 b6 36. Nc7 Ka5 37. g4 Bf4 1/2-1/2

[Event "Tournoi Skype 029A"]
[Site "Skype"]
[Date "????.??.??"]
[Round "7.6"]
[White "Montalvo, Mario"]
[Black "Cayllahua, Braulio Idme"]
[Result "1-0"]
[WhiteElo "1800"]
[BlackElo "1569"]
[PlyCount "37"]

1. Nf3 d5 2. d4 e6 3. c4 c6 4. g3 Nf6 5. Bg2 dxc4 6. O-O Bd7 7. Ne5 Be7 8. Na3
Bxa3 9. bxa3 O-O 10. Nxc4 Qe7 11. Bf4 Ne8 12. Qb3 Bc8 13. a4 Nd7 14. e4 Ndf6
15. Rfe1 Nh5 16. Bc1 b5 17. axb5 cxb5 18. Qxb5 Qc7 19. Qxh5 1-0

[Event "Tournoi Skype 029A"]
[Site "Skype"]
[Date "????.??.??"]
[Round "7.7"]
[White "Sanchez Ruiz, Justo"]
[Black "Mayor Martinez, Juan Jose"]
[Result "0-1"]
[WhiteElo "1526"]
[BlackElo "1749"]
[PlyCount "104"]

1. e4 c5 2. Nf3 Nc6 3. d4 cxd4 4. Nxd4 a6 5. Nc3 e6 6. Be3 Qc7 7. Be2 b5 8. O-O
Bb7 9. a3 Nf6 10. f3 Be7 11. Nb3 d6 12. Qd2 O-O 13. Rad1 Rad8 14. Bd3 Ne5 15.
Qf2 Ned7 16. h3 Rc8 17. f4 Nc5 18. Nxc5 dxc5 19. e5 Nd5 20. Nxd5 Bxd5 21. c3 c4
22. Bb1 Qc6 23. Qc2 g6 24. Qf2 Bc5 25. Bd4 Bxd4 26. Rxd4 Rcd8 27. Rfd1 Rd7 28.
Qg3 f5 29. h4 Rg7 30. Qf2 Rff7 31. R1d2 h6 32. Qe3 h5 33. Bc2 Kh7 34. Qg3 a5
35. Qg5 Qb6 36. Kh2 b4 37. axb4 axb4 38. cxb4 Qxb4 39. Bd1 Qb7 40. Be2 Qc8 41.
Qg3 Rc7 42. Bf3 Bxf3 43. Qxf3 c3 44. bxc3 Rxc3 45. Qf2 Qc5 46. Rd8 Qc6 47. R8d6
Qc4 48. Rd8 Rc1 49. Re8 Rf1 50. Rdd8 Rg8 51. Qa7+ Kh6 52. g3 Qe2+ 0-1

[Event "Tournoi Skype 029A"]
[Site "Skype"]
[Date "????.??.??"]
[Round "7.9"]
[White "Calcino, Luis"]
[Black "Silvestre Da Silva, Sidnei"]
[Result "1-0"]
[WhiteElo "1687"]
[BlackElo "1566"]
[PlyCount "73"]

1. b4 d5 2. Bb2 Bf5 3. Nf3 e6 4. g3 Nf6 5. a3 c6 6. Bg2 Nbd7 7. O-O Bd6 8. d3
Qc7 9. Nbd2 O-O 10. c4 a5 11. Qb3 axb4 12. axb4 b6 13. Rfe1 Ra7 14. Rxa7 Qxa7
15. Nd4 Qc7 16. Nxf5 exf5 17. Rc1 Re8 18. e3 c5 19. cxd5 Qb8 20. Nc4 Bc7 21. b5
Ne5 22. Ra1 Qd8 23. Ra7 Qb8 24. Ra6 Qd8 25. d6 Bxd6 26. Nxb6 Bc7 27. Bxe5 Bxe5
28. Nc4 Bb8 29. Na5 g6 30. Bc6 Nd7 31. Qd5 Re7 32. Nb7 Qc7 33. Nxc5 Nxc5 34.
Qxc5 Re5 35. Qb6 Qd6 36. d4 Re8 37. Bxe8 1-0

[Event "Tournoi Skype 029A"]
[Site "Skype"]
[Date "????.??.??"]
[Round "7.10"]
[White "Garcia Andrinal, Antonio"]
[Black "Altinok, Selim"]
[Result "0-1"]
[WhiteElo "1679"]
[BlackElo "1536"]
[PlyCount "74"]

1. e4 c6 2. Nc3 d5 3. d4 dxe4 4. Nxe4 Bf5 5. Ng3 Bg6 6. h4 h6 7. Nf3 Nd7 8. h5
Bh7 9. Bd3 Bxd3 10. Qxd3 e6 11. Bd2 Ngf6 12. O-O-O Qc7 13. Bc3 O-O-O 14. Qe2
Nd5 15. Bd2 Bd6 16. Ne4 Bf4 17. g3 Bxd2+ 18. Qxd2 c5 19. dxc5 Nxc5 20. Nxc5
Qxc5 21. Qd4 Qxd4 22. Nxd4 a6 23. a3 Rd7 24. Nf3 f6 25. Ne5 fxe5 26. Rhe1 Nf6
27. Rxe5 Rxd1+ 28. Kxd1 Kd7 29. f3 Kd6 30. Ra5 Rc8 31. b4 Nd5 32. Kd2 Ke5 33.
b5 axb5 34. Rxb5 b6 35. a4 Kd4 36. c3+ Rxc3 37. Ke2 Rc4 0-1

[Event "Tournoi Skype 029A"]
[Site "Skype"]
[Date "????.??.??"]
[Round "7.11"]
[White "Chavero, Victor"]
[Black "Lambert, Pierre"]
[Result "0-1"]
[WhiteElo "1283"]
[BlackElo "1647"]
[PlyCount "104"]

1. d4 Nf6 2. Nf3 g6 3. e3 Bg7 4. Bd3 O-O 5. O-O d6 6. Nbd2 c5 7. c3 Nbd7 8. b3
b6 9. Bb2 Bb7 10. Qe2 Rc8 11. e4 Qc7 12. d5 Ng4 13. Rfe1 Nge5 14. Bb5 Nxf3+ 15.
Nxf3 Ne5 16. Nxe5 Bxe5 17. Ba6 Bxa6 18. Qxa6 f5 19. Qe2 c4 20. b4 b5 21. Qe3 f4
22. Qf3 Rf6 23. Bc1 Rcf8 24. Bd2 a5 25. a4 axb4 26. axb5 b3 27. Ra4 Qc5 28. Rb4
Rb8 29. Qe2 Rxb5 30. Rxc4 Qb6 31. Rb4 Rxb4 32. cxb4 Rf8 33. Qc4 Qd4 34. Qxd4
Bxd4 35. Rb1 b2 36. Kf1 Ra8 37. Ke2 Ra1 38. Kd3 Rxb1 39. Kxd4 Rd1 40. Kc3 Rxd2
41. Kxd2 b1=Q 42. Kc3 Kf8 43. Kc4 Ke8 44. Kb5 Kd8 45. Ka5 Kc7 46. b5 Kb7 47. g3
Qa2+ 48. Kb4 Kb6 49. gxf4 Qa5+ 50. Kb3 Kxb5 51. Kc2 Kc4 52. e5 Qa2+ 0-1

[Event "Tournoi Skype 029A"]
[Site "Skype"]
[Date "????.??.??"]
[Round "7.12"]
[White "Khetre, Gaurav"]
[Black "Saponara, Jose Maria"]
[Result "1-0"]
[WhiteElo "1540"]
[BlackElo "1524"]
[PlyCount "85"]

1. e4 d5 2. exd5 Qxd5 3. Nf3 Nf6 4. d4 e6 5. c4 Bb4+ 6. Bd2 Bxd2+ 7. Nbxd2 Qa5
8. Bd3 c5 9. O-O O-O 10. Nb3 Qc7 11. Nxc5 Nbd7 12. Nb3 Re8 13. Re1 b6 14. Qe2
Bb7 15. Ne5 Nf8 16. Rac1 Rad8 17. Red1 a5 18. Qe3 a4 19. Nd2 Re7 20. Bc2 Qd6
21. Ndf3 Qb4 22. Qc3 Qxc3 23. bxc3 a3 24. Rb1 Rd6 25. Nd2 Bc6 26. Rxb6 Rc7 27.
Rdb1 g6 28. c5 Rd8 29. Nxc6 Rdc8 30. Ne5 Nd5 31. R6b3 f6 32. Nec4 Nd7 33. Nd6
Rd8 34. Rxa3 e5 35. Bb3 Kg7 36. Bxd5 Nxc5 37. dxc5 Rxc5 38. Ra7+ Kf8 39. Rf7+
Kg8 40. Rd7+ Rxd5 41. Rxd8+ Kg7 42. N2c4 f5 43. Ne8+ 1-0

[Event "Tournoi Skype 029A"]
[Site "Skype"]
[Date "????.??.??"]
[Round "7.13"]
[White "Sequeda Pimiento, Javier Ricardo"]
[Black "Lovell, Stan"]
[Result "1/2-1/2"]
[WhiteElo "1419"]
[BlackElo "1575"]
[PlyCount "60"]

1. e4 c6 2. d4 d5 3. exd5 cxd5 4. Nc3 Nf6 5. Nf3 Bg4 6. Bg5 e6 7. Be2 Be7 8.
O-O O-O 9. Bf4 a6 10. h3 Bf5 11. Nh4 Bg6 12. Nxg6 hxg6 13. Bd3 Nc6 14. Be5 Bd6
15. Re1 Rc8 16. a3 Bc7 17. Qf3 Bb6 18. Ne2 Nxe5 19. dxe5 Nd7 20. Ng3 Bd4 21. c3
Nxe5 22. Qe2 Nxd3 23. Qxd3 Bb6 24. Re2 Qc7 25. Rae1 Qc4 26. Qc2 Qf4 27. Qb3 Qc7
28. Rd1 Bc5 29. Rd3 Bd6 30. Rf3 b5 1/2-1/2

[Event "Tournoi Skype 029A"]
[Site "Skype"]
[Date "????.??.??"]
[Round "7.14"]
[White "Navghane, Rahul"]
[Black "Karia, Vijay"]
[Result "0-1"]
[WhiteElo "1026"]
[BlackElo "1482"]
[PlyCount "98"]

1. b3 d5 2. Bb2 Bf5 3. e3 c6 4. c4 e6 5. cxd5 cxd5 6. Na3 a6 7. Nc2 Nf6 8. Nd4
Bg6 9. Ngf3 h6 10. Be2 Bc5 11. Rc1 Nbd7 12. a3 O-O 13. b4 Bd6 14. h3 Re8 15. b5
e5 16. Nb3 axb5 17. Bxb5 Bxa3 18. Bxa3 Rxa3 19. Bxd7 Qxd7 20. Nxe5 Rxe5 21. Nd4
Qa4 22. O-O Qxd1 23. Rfxd1 Re7 24. Nb5 Rb3 25. Nd4 Rb1 26. Rxb1 Bxb1 27. Rxb1
Rc7 28. Kf1 Kf8 29. Nf5 Kg8 30. Nd6 Ne4 31. Nxe4 dxe4 32. f3 exf3 33. gxf3 g6
34. Ke2 Kf8 35. e4 Ke8 36. h4 h5 37. d3 Kd7 38. Rb6 Kc8 39. Ke3 Rd7 40. d4 Kc7
41. Rf6 b6 42. e5 b5 43. Ke4 b4 44. e6 fxe6 45. Rxe6 Rd6 46. Re5 Rb6 47. Rc5+
Kd6 48. Rd5+ Ke6 49. Re5+ Kf6 0-1